New Orleans: A Living Museum of Music (Record no. 333168)
[ view plain ]
| 000 -LEADER | |
|---|---|
| fixed length control field | 00532nam a2200097Ia 4500 |
| 008 - FIXED-LENGTH DATA ELEMENTS--GENERAL INFORMATION | |
| fixed length control field | 170517s9999 xx 000 0 und d |
| 245 ## - TITLE STATEMENT | |
| Title | New Orleans: A Living Museum of Music |
| 300 ## - PHYSICAL DESCRIPTION | |
| Extent | New Orleans: A Living Museum of Music is an intimate look at the traditions associated with New Orleans' music and the preservation of those traditions through the work of local musicians and educators who mentor young talent. Museum curators... |
| 650 ## - SUBJECT ADDED ENTRY--TOPICAL TERM | |
| General subdivision | Art. |
| 856 ## - ELECTRONIC LOCATION AND ACCESS | |
| Uniform Resource Identifier | <a href="http://topdocumentaryfilms.com/new-orleans-a-living-museum-of-music/">http://topdocumentaryfilms.com/new-orleans-a-living-museum-of-music/</a> |
| Withdrawn status | Lost status | Damaged status | Home library | Current library | Date acquired | Total Checkouts | Date last seen | Price effective from | Koha item type |
|---|---|---|---|---|---|---|---|---|---|
| College Library | College Library | 05/17/2017 | 05/17/2017 | 05/17/2017 | Documentary Films |